| 000 | 01195nam a2200313 i 4500 | ||
|---|---|---|---|
| 001 | bg | ||
| 003 | BPK | ||
| 005 | 20221208075705.0 | ||
| 008 | 970510s1993 pl f f |000 0 pol | ||
| 015 | _aPB 1995/2176 | ||
| 040 |
_aWA N _cBPK |
||
| 080 | _a658.1/.5. | ||
| 080 | _a69 | ||
| 080 | _a(075.8) | ||
| 100 | 1 |
_aBielak, Janusz _c(budownictwo) _eAutor |
|
| 245 | 1 | 0 |
_aInżynier - menedżer w budownictwie / _cJanusz Bielak. |
| 260 |
_aKoszalin : _bWydaw. WSI, _c1993. |
||
| 300 |
_a149 s. ; _c23 cm. |
||
| 490 | 1 | _aSkrypty / Wyższa Szkoła Inżynierska w Koszalinie. | |
| 504 | _aBibliogr. s. 149. | ||
| 521 | _aDla Wydz. Inżynierii Lądowej i Sanitarnej do przedmiotu Organizacja, zarządzanie i ekonomika. | ||
| 650 | 4 |
_aBudownictwo _xorganizacja. |
|
| 650 | 4 |
_aBudownictwo _xzarządzanie. |
|
| 655 | 4 | _aPodręczniki akademickie | |
| 710 | 2 |
_aWydawnictwo Uczelniane (Wyższa Szkoła Inżynierska ; Koszalin) _bWydawnictwo Uczelniane. _4pbl. |
|
| 830 | 0 | _aSkrypty - Wyższa Szkoła Inżynierska w Koszalinie | |
| 942 |
_2UKD _cKS |
||
| 856 |
_uhttp://koha.tu.koszalin.pl/cgi-bin/koha/opac-detail.pl?biblionumber=6293 _yKatalog online BPK |
||
| 999 |
_c6293 _d6293 |
||